000
00251nam a22001097a 4500
082
_a
030
_b
JOJ/N-5
245
_a
VISHWAVINJANAKOSHAM
_b
VAALYAM 5 :
260
_a
THRISSUR
_b
NISHAGANDHI
300
_a
832
650
_a
GENERAL KNOWLEDGE
_z
KERALA
942
_c
BK
999
_c
2217
_d
2217